| 000 | 005580000a22001810004500 | ||
|---|---|---|---|
| 003 | MACL | ||
| 005 | 20160603120631.0 | ||
| 008 | 160603b xxu||||| |||| 00| 0 eng d | ||
| 040 |
_aMACL _cMACL |
||
| 041 | _aHindi | ||
| 082 | _a920 | ||
| 100 |
_aरस्तोगी, गिरीश _959440 |
||
| 245 |
_aउदयशंकर भटट _cगिरीश रस्तोगी |
||
| 260 |
_bसाहित्य अकादेमी _c2007 _aदिल्ली |
||
| 350 | _a450 | ||
| 650 |
_aBiography _961945 |
||
| 942 |
_cHIN _k641 _2ddc |
||
| 999 |
_c22117 _d22117 |
||